|
|
|
|
| LEADER |
00000cam a2200000 7i4500 |
| 001 |
0000146031 |
| 005 |
20221026.0 |
| 008 |
221026s2022 my a xb f eng |
| 020 |
|
|
|a 9789672748342
|
| 020 |
|
|
|a 9789672748427 (set)
|
| 040 |
|
|
|a PERPUSTAM
|b eng
|c PERPUSTAM
|e rda
|
| 041 |
|
|
|a eng
|
| 090 |
0 |
0 |
|a J 823.92
|b ERI
|
| 100 |
0 |
|
|a Erika Samuel ,
|e author
|
| 245 |
1 |
0 |
|a Absent-minded Dan
|c Erika Samuel
|
| 264 |
|
1 |
|a Subang Jaya, Selangor :
|b PEP PUBLICATIONS SDN BHD
|c 2022
|
| 300 |
|
|
|a 22 pages :
|b colour illustrations ;
|c 26 cm.
|
| 336 |
|
|
|a text
|2 rdacontent
|
| 337 |
|
|
|a unmediated
|2 rdamedia
|
| 338 |
|
|
|a volume
|2 rdacarrier
|
| 490 |
1 |
|
|a Self-Motivated Stories
|
| 650 |
1 |
0 |
|a Children's stories, English
|
| 650 |
2 |
0 |
|a Didactic fiction, English
|
| 650 |
2 |
0 |
|a English fiction
|
| 650 |
2 |
0 |
|a Motivation (Psychology) in children
|v Fiction
|
| 830 |
|
0 |
|a Self-motivated stories
|
| 999 |
|
|
|a 0000741090
|b Buku
|c Koleksi Pinjaman Kanak-Kanak
|e Perbadanan Perpustakaan Awam Melaka
|
| 999 |
|
|
|a 0000741091
|b Buku
|c Koleksi Pinjaman Kanak-Kanak
|e Perbadanan Perpustakaan Awam Melaka
|
| 999 |
|
|
|a 0000741092
|b Buku
|c Koleksi Pinjaman Kanak-Kanak
|e Perbadanan Perpustakaan Awam Melaka
|
| 999 |
|
|
|a 0000741093
|b Buku
|c Koleksi Pinjaman Kanak-Kanak
|e Perpustakaan Cawangan Jasin
|
| 999 |
|
|
|a 0000741094
|b Buku
|c Koleksi Pinjaman Kanak-Kanak
|e Perpustakaan Cawangan Masjid Tanah
|
| 999 |
|
|
|a 0000741095
|b Buku
|c Koleksi Pinjaman Kanak-Kanak
|e Perpustakaan Cawangan Merlimau
|
| 999 |
|
|
|a 0000741096
|b Buku
|c Koleksi Pinjaman Kanak-Kanak
|e Perpustakaan Komuniti UTC Melaka
|
| 999 |
|
|
|a 0000741097
|b Buku
|c Koleksi Pinjaman Kanak-Kanak
|e Perbadanan Perpustakaan Awam Melaka
|
| 999 |
|
|
|a 0000741098
|b Buku
|c Koleksi Pinjaman Kanak-Kanak
|e PK Aeon Jaya Jusco
|
| 999 |
|
|
|a 0000741099
|b Buku
|c Koleksi Pinjaman Kanak-Kanak
|e Perpustakaan Desa Asahan
|
| 999 |
|
|
|a 0000741100
|b Buku
|c Koleksi Pinjaman Kanak-Kanak
|e Perbadanan Perpustakaan Awam Melaka
|